Implementación de departamento administrativo en empresa de telecomunicaciones /

Gespeichert in:
Bibliographische Detailangaben
1. Verfasser: Gudiño Dávila, María Elena (autor)
Format: Abschlussarbeit Buch
Sprache:Spanisch
Schlagworte:
Tags: Tag hinzufügen
Keine Tags, Fügen Sie das erste Tag hinzu!

MARC

LEADER 00000nam^a2200000^a^4500
001 000105763
005 20250521000000.0
009 20260310093512.997
037 |a Acervo ITESO - Biblioteca 
041 |a ESP 
090 |a LAM. 336 
100 |a Gudiño Dávila, María Elena  |e (autor) 
245 1 0 |a Implementación de departamento administrativo en empresa de telecomunicaciones /  |c M.E. Gudiño Dávila. 
264 |a Guadalajara, México :  |b edición de autor,  |c 2000 
300 |a 21 p. 
336 |a texto  |b txt  |2 rdacontenido 
337 |a sin mediación  |b n  |2 rdamedio 
338 |a volumen  |b nc  |2 rdasoporte 
502 |a ITESO Reporte Profesional de Licenciatura en Administración Area Mercadotecnia 
649 |a XX 
650 |a Atención al Cliente 
650 |a Telecomunicaciones 
650 |a Computadoras -  |x Mantenimiento y Reparación 
650 |a Sector Servicios -  |x Administración 
650 |a Administración 
650 |a Ciencias Administrativas 
910 |a Fondo General 
920 |a Impresos - Tesis del ITESO 
930 |a Colección General 
905 |a 104 
901 |a 0500041499  |b IT2  |c TSS  |u 20250521 
902 |a https://opac.biblio.iteso.mx/vufind/Record/000105763